000 01730nam a22003017a 4500
003 OSt
005 20240712131627.0
008 230517t20201950ck er 000 fbspa d
020 _a9789878317717
020 _a9789584289612
040 _aCO-JMCR
_bspa
_cCO-JMCR
_dCO-JMCR
_erda
041 1 _aspa
_heng
082 0 4 _aA-N
_bCHRs
100 1 _942190
_aChristie, Agatha,
_d1890-1976
_eautora
245 1 0 _aSe anuncia un asesinato /
_cAgatha Christie ; traducción de Guillermo Lopez Hipkiss.
246 _aA murder is announced
260 _aBogotá :
_bBooket ,
_c©2020
300 _a262 páginas ;
_c19 cm.
490 _a100 años de historias de Agatha Christie
500 _aEdición especial conmemorativa 100 años de historia de Agatha Christie
520 3 _aLos habitantes del pequeño y apacible pueblo de Chipping Cleghorn ven alterada su vida cotidiana ante un anuncio en el periódico local que reza: «Se anuncia un asesinato que tendrá lugar el viernes, 29 de octubre, en Little Paddocks, a las seis y media de la tarde». Incapaz de resistir la curiosidad, una multitud acude al domicilio de la víctima de esa muerte anunciada en el día y la hora señalados. Cuando el reloj marca las seis y media, las luces se apagan y se oye un disparo... Los allí congregados comprobarán que lo que en apariencia no era más que una extravagancia se convierte en un asesinato que sólo Miss Marple podrá desentrañar.
546 _aTraducido del inglés
650 1 4 _2JMCR
_aAsesinatos
_vRelatos
_943764
650 2 4 _2JMCR
_aAsesinatos
_vInvestigación
_943765
650 3 4 _2JMCR
_aInvestigadores
_xRelatos
_943766
700 1 _aLópez Hipkiss, Guillermo,
_d1902-1957
_etraductor
_943767
942 _2ddc
_cBK
999 _c30023
_d16407